[Event "Aarhus international"]
[Site "Aarhus"]
[Date "1993.??.??"]
[Round "4"]
[White "Ward, Christopher"]
[Black "Kristensen, Leif Sogaard"]
[Result "1/2-1/2"]
[WhiteElo "2430"]
[BlackElo "2310"]
[PlyCount "80"]
[EventDate "1993.??.??"]
[EventType "tourn"]
[EventRounds "9"]
[EventCountry "DEN"]
[EventCategory "2"]
[SourceTitle "EXT 1998"]
[Source "ChessBase"]
[SourceDate "1997.11.17"]

1. d4 Nf6 2. c4 g6 3. Nc3 Bg7 4. e4 d6 5. f3 O-O 6. Be3 e5 7. d5 c6 8. Qd2 cxd5
9. cxd5 a6 10. O-O-O Nbd7 11. g4 Qa5 12. Kb1 b5 13. a3 Rb8 14. Bd3 Nb6 15. Na2
Qxd2 16. Bxd2 Nfd7 17. Nb4 Nc5 18. Bc2 Bd7 19. Ne2 Rfc8 20. b3 a5 21. Nc6 Bxc6
22. dxc6 a4 23. b4 Nb3 24. Bd3 Nc4 25. Bxc4 bxc4 26. Be3 Rxc6 27. Kc2 f5 28.
gxf5 gxf5 29. Rhg1 Kf7 30. exf5 Nd4+ 31. Bxd4 exd4 32. Nxd4 Bxd4 33. Rxd4 Rb5
34. Rg5 Kf6 35. Rh5 Re5 36. Rh6+ Kxf5 37. Rhxd6 Re2+ 38. Kb1 Rxd6 39. Rxd6 Re3
40. Rh6 Rxa3 1/2-1/2

[Event "Aarhus international"]
[Site "Aarhus"]
[Date "1993.??.??"]
[Round "2"]
[White "Ward, Christopher"]
[Black "Summerscale, Aaron"]
[Result "1-0"]
[WhiteElo "2430"]
[BlackElo "2345"]
[PlyCount "72"]
[EventDate "1993.??.??"]
[EventType "tourn"]
[EventRounds "9"]
[EventCountry "DEN"]
[EventCategory "2"]
[SourceTitle "EXT 1998"]
[Source "ChessBase"]
[SourceDate "1997.11.17"]

1. d4 d5 2. c4 c6 3. Nc3 Nf6 4. e3 a6 5. a4 e6 6. Nf3 c5 7. cxd5 exd5 8. Be2
Nc6 9. O-O Bd6 10. b3 O-O 11. Bb2 Be6 12. Rc1 Qe7 13. dxc5 Bxc5 14. Ng5 Ba7 15.
Nb1 Bb8 16. Qc2 Ne4 17. Nxe4 dxe4 18. Qxe4 Qc7 19. Qh4 Bxb3 20. Nd2 Be6 21. Ne4
Bf5 22. g3 Qe7 23. Qxe7 Nxe7 24. Bf3 Nc6 25. Nc5 Bc8 26. Nxb7 Ne5 27. Bxe5 Bxe5
28. Na5 Bh3 29. Bxa8 Bxf1 30. Kxf1 Rxa8 31. Rc6 Kf8 32. Nc4 Bf6 33. e4 Ke8 34.
Ke2 Be7 35. Nb6 Rb8 36. Kd3 Bd8 1-0